Die Historisch-Landeskundliche Kommission für Posen und das Deutschtum in Polen
| Titel: | Die Historisch-Landeskundliche Kommission für Posen und das Deutschtum in Polen |
|---|---|
| Verfasser: | |
| In: |
Erfahrung und Zeugnis der Deutschen aus Polen, (1987), Seite 70-72 alle Artikel anzeigen |
| Veröffentlicht: | 1987 |
| Format: | Aufsatz |
| Sprache: | Deutsch |
X
alg: 39255348
001A $01999:11-11-16
001B $01999:17-05-21 $t20:34:14.000
001D $01999:11-11-16
001U $0utf8
001X $00
002@ $0Aox
003@ $0392553481
007A $0392553481 $aHEB
007T $0Herd78583
010@ $ager
011@ $a1987
021A $aDie @Historisch-Landeskundliche Kommission für Posen und das Deutschtum in Polen
028A $#Rhode, Gotthold Kurt Sigismund $7118600168 $8Rhode, Gotthold$Z1916-1990 [Tp1] $9086941143
031A $h70-72 $j1987
039B $aIn $8--Aauc--. Erfahrung und Zeugnis der Deutschen aus Polen. - Berlin {[u.a.] : Westkreuz-Verl., 1987. - 171 S.. - zahlr. Ill.. - ISBN 3-922131-54-9 $x198700000000000930 $9007404484
045F $a306.09438 $eDDC23BSB
045F/01 $a306.09
045F/03 $g438
045F/03 $g43849
lok: 39255348 78
exp: 39255348 78 1 #EPN
201B/01 $019-04-17 $t11:21:46.000
201U/01 $0utf8
203@/01 $078865151X
208@/01 $a11-11-16 $be
209A/01 $a/ $f000 $x00
220C/01 $aTitelaufnehmer: cs
244Z/01 $2Trx $#Poola $#Lenkija $#Polija $#Polen Land $#Poland $#Lengyelország $#Poľsko $#Polsko $8--Trx--Polska$gkraj $x01 $9391345966
244Z/01 $2Trx $#Großpolen $#Greater Poland $#Velkopolsko $8--Trx--Wielkopolska $x02 $9391277227
244Z/01 $aGeschichte 1885-1986 $x03
244Z/01 $2Trx $#komisjonid, ajaloolised $#istorikų komisijos $#Commissions, historical $#komissziók, történelmi $#komisje historyczne $#komisie historické $#komise historické $8--Trx--Kommissionen, historische $x04 $9391355600
244Z/01 $2Trx $#maateadus $#etnologija $#Regional studies $#regionális tanulmányok $#krajoznawstwo $#vlastiveda $#vlastivěda $8--Trx--Landeskunde $x05 $9391358952
244Z/01 $2Trx $8--Trx--Einzelbeiträge $x06 $9391384570
244Z/01 $2Trx $#tegevusaruanne $#veiklos ataskaitos $#progress reports $#tevékenységi beszámolók $#sprawozdania z działalności $#správy o činnosti $#zprávy o činnosti $8--Trx--Tätigkeitsberichte $x07 $9391354353
244Z/01 $2Trx $#uuringute aruanne $#mokslinės ataskaitos $#Research reports $#kutatói beszámolók $#sprawozdania z badań $#správy výskumné $#zprávy výzkumné $#Literaturberichte $#správy literárne $8--Trx--Forschungsberichte $x08 $9391383523
245Z/01 $a11.14 $x01
247C/01 $82080>Marburg/Lahn, Herder-Institut, Forschungsbibliothek, Bibliographieportal $9336309341
| LEADER | 00000caa a22000002c 4500 | ||
|---|---|---|---|
| 001 | 392553481 | ||
| 003 | DE-603 | ||
| 005 | 20210517203414.0 | ||
| 007 | tu | ||
| 008 | 161111s1987 xx |||| | u00||u|ger c | ||
| 035 | |a (DE-599)HEB392553481 | ||
| 040 | |a DE-603 |b ger |c DE-603 |d DE-603 | ||
| 041 | |a ger | ||
| 082 | 0 | 4 | |8 1\u |a 306.09438 |q DE-101 |2 23/BSB |
| 085 | |8 1\u |b 306.09 | ||
| 085 | |8 1\u |z 2 |s 438 | ||
| 085 | |8 1\u |z 2 |s 43849 | ||
| 100 | 1 | |a Rhode, Gotthold |d 1916-1990 |0 (DE-603)086941143 |0 (DE-588)118600168 |2 gnd | |
| 245 | 0 | 0 | |a Die Historisch-Landeskundliche Kommission für Posen und das Deutschtum in Polen |
| 264 | 0 | |c 1987 | |
| 773 | 0 | 8 | |i In |t Erfahrung und Zeugnis der Deutschen aus Polen |d Berlin [u.a.] : Westkreuz-Verl., 1987 |h 171 S., zahlr. Ill. |z 3922131549 |g (1987), Seite 70-72 |w (DE-603)007404484 |
| 924 | 0 | |9 2080 |a (DE-603)78865151X |b DE-2080 |c HES |d d |g / | |


